Entry Konu Terimi
001 - KONTROL NUMARASI
- Kontrol alanı: 99859
003 - KONTROL NUMARASI KİMLİĞİ
- Kontrol alanı: TR-BiSEU
005 - SON İŞLEM TARİHİ VE ZAMANI
- Kontrol alanı: 20260207003919.0
008 - SABİT UZUNLUKTAKİ VERİ ÖGELERİ - GENEL BİLGİ
- Sabit uzunlukta kontrol alanı: 260207|| aca||aabn | a|a d
040 ## - KATALOGLAMA KAYNAĞI
- Özgün kataloglama kurumu: TR-BiSEU
- Çeviri kurumu: TR-BiSEU
150 ## - KONU BAŞLIKLARI - KONU TERİMİ
- Konu terimi: Refugees--Legal status, laws, etc.--Europe--Congresses
670 ## - BİLGİNİN KAYNAĞI
- Bilginin alındığı kaynak: KOHA: (TR-BiSEU)53338: Vatandaşlık, göç, mülteci ve yabancılar hukukundaki güncel gelişmeler : uluslararası sempozyum bildirileri( 2009, Eskişehir) 99847, Vatandaşlık, göç, mülteci ve yabancılar hukukundaki güncel gelişmeler :
